000 00813nam a2200253 i 4500
001 bgj
100 1 _aTODD, Olivier.
245 0 0 _aCruel april :
_bthe fall of Saigon /
_cOliver Todd ; translated from the French by Stephen Becker.
260 _aNew York :
_bW. W. Norton and Company,
_ccop. 1990
_aLondon.
300 _aVIII, 470 :
_bphotos ;
_c25 cm.
500 _aTranlation of "Cruel avril".
504 _aBibliography p. 449-453.
505 _aIncludes index.
650 9 _aVietnamese conflict
651 9 _aVietnam
_zHo Chi Minh City
_y1961-1975
651 9 _aHo Chi Minh City (Vietnam)
_xHistory
700 1 _aBECKER, Stephen.
_etranslator
020 _a0393027872
040 _cBPK
041 0 _aeng
_hfre
920 _a0-393-02787-2
942 _cKS
008 s uk f |000 0 eng
999 _c47680
_d47680
856 _uhttp://koha.tu.koszalin.pl/cgi-bin/koha/opac-detail.pl?biblionumber=47680
_yKatalog online BPK